000 00313nam a2200133 i 4500
001 bg
100 1 _aHALUPCZOK, Jan
245 0 _aPoddźwiękowe strumienie gazowe /
_cJan Halupczok.
260 _aWrocław,
_c1975.
040 _cBPK
041 _apol
942 _cKS
008 s pl f |000 0 pol
999 _c15997
_d15997
856 _uhttp://koha.tu.koszalin.pl/cgi-bin/koha/opac-detail.pl?biblionumber=15997
_yKatalog online BPK